000 00325nam a22001457a 4500
008 230614b ||||| |||| 00| 0 eng d
020 _a9780735621312
041 _aeng
080 _22005 EDITION
_a004
082 _a004HAL
100 _a18
101 _aSKI
245 _aVISUAL BASIC 2005
_cHALVORSON.M
942 _2udc
_cBK
999 _c59976
_d59976